[Event "AUS-ch Minor"]
[Site "Cammeray"]
[Date "2013.01.12"]
[Round "10"]
[White "Fernandez, Nick"]
[Black "Heyworth, Angus"]
[Result "0-1"]
[WhiteElo "1276"]
[BlackElo "1119"]
[PlyCount "92"]
[EventDate "2013.01.02"]
[EventType "swiss"]
[EventRounds "11"]
[EventCountry "AUS"]
[SourceTitle "EXT 2022"]
[Source "ChessBase"]
[SourceDate "2021.10.06"]
[SourceVersion "1"]
[SourceVersionDate "2021.10.06"]
[SourceQuality "1"]

1. d4 d6 2. c4 Nf6 3. e3 g6 4. Nf3 Bg7 5. g3 0-0 6. Bg2 Nbd7 7. b3 e5 8. 0-0 c6 9. Bb2 e4 10. Ng5 d5 11. cxd5 cxd5 12. Nc3 h6 13. Nh3 Nb6 14. Nf4 Re8 15. Rc1 Bd7 16. a4 a5 17. h3 Bf8 18. Qe2 Qe7 19. Qd1 Qd6 20. Nb1 Bc8 21. Ba3 Qd8 22. Bxf8 Kxf8 23. Qc2 Qd6 24. Qc5 Qxc5 25. Rxc5 Bd7 26. Rc7 Bc6 27. Na3 g5 28. Ne2 Rab8 29. Nb5 Na8 30. Rxf7+ Kxf7 31. Nd6+ Kg7 32. Nxe8+ Rxe8 33. Nc3 Nc7 34. Rc1 Rc8 35. Kh2 Na6 36. Nb5 Nb4 37. Na7 Rb8 38. Nxc6 Nxc6 39. Rc5 Rc8 40. Rb5 Rb8 41. Rc5 Kf7 42. g4 Ke6 43. Bf1 Nd7 44. Rb5 b6 45. f4 Na7 46. f5+ Kd6 0-1

[Event "AUS-ch Minor"]
[Site "Cammeray"]
[Date "2013.01.11"]
[Round "9"]
[White "Heyworth, Angus"]
[Black "Wilkie, Mary"]
[Result "0-1"]
[WhiteElo "1119"]
[BlackElo "1276"]
[PlyCount "66"]
[EventDate "2013.01.02"]
[EventType "swiss"]
[EventRounds "11"]
[EventCountry "AUS"]
[SourceTitle "EXT 2022"]
[Source "ChessBase"]
[SourceDate "2021.10.06"]
[SourceVersion "1"]
[SourceVersionDate "2021.10.06"]
[SourceQuality "1"]

1. e4 e5 2. f4 Bc5 3. Nf3 d6 4. Nc3 Nc6 5. Bc4 Be6 6. Bxe6 fxe6 7. Na4 Qf6 8. Nxc5 dxc5 9. d3 exf4 10. Rb1 e5 11. b3 0-0-0 12. Bb2 Nge7 13. Qe2 g5 14. Rd1 Ng6 15. Rf1 g4 16. Nd2 h5 17. Nc4 Qh4+ 18. Kd2 Qe7 19. Kc1 Qe6 20. Qf2 Nd4 21. c3 g3 22. hxg3 fxg3 23. Qe3 Nc6 24. Qxg3 Nf4 25. Qf3 Rhg8 26. g3 Rxg3 27. Qh1 Rgxd3 28. Nd2 Rh3 29. Kc2 Rxh1 30. Rxh1 Qg4 31. Rhg1 Qe2 32. Rh1 Qd3+ 33. Kc1 Ne2# 0-1

[Event "AUS-ch Minor"]
[Site "Cammeray"]
[Date "2013.01.03"]
[Round "2"]
[White "Case, Ivan"]
[Black "Heyworth, Angus"]
[Result "1-0"]
[WhiteElo "1489"]
[BlackElo "1119"]
[PlyCount "61"]
[EventDate "2013.01.02"]
[EventType "swiss"]
[EventRounds "11"]
[EventCountry "AUS"]
[SourceTitle "EXT 2022"]
[Source "ChessBase"]
[SourceDate "2021.10.06"]
[SourceVersion "1"]
[SourceVersionDate "2021.10.06"]
[SourceQuality "1"]

1. Nf3 d5 2. g3 Nf6 3. Bg2 Nc6 4. 0-0 e5 5. d3 Be6 6. Nbd2 b5 7. e4 d4 8. Ng5 Qd7 9. Nxe6 Qxe6 10. f4 Bd6 11. f5 Qe7 12. a3 a5 13. a4 b4 14. Nc4 Bc5 15. g4 Nd7 16. g5 f6 17. Qh5+ Kd8 18. h4 Nb6 19. Nxb6 Bxb6 20. Bd2 Na7 21. Kh1 c5 22. b3 Nc8 23. Rg1 Nd6 24. Bf3 Kd7 25. Rg2 Rag8 26. Rag1 Qf8 27. gxf6 gxf6 28. Rxg8 Rxg8 29. Qxh7+ Nf7 30. Rxg8 Qe7 31. Rg7 1-0

[Event "AUS-ch Minor"]
[Site "Cammeray"]
[Date "2013.01.02"]
[Round "1"]
[White "Heyworth, Angus"]
[Black "Laurie, Robert"]
[Result "1/2-1/2"]
[WhiteElo "1119"]
[BlackElo "1436"]
[PlyCount "78"]
[EventDate "2013.01.02"]
[EventType "swiss"]
[EventRounds "11"]
[EventCountry "AUS"]
[SourceTitle "EXT 2022"]
[Source "ChessBase"]
[SourceDate "2021.10.06"]
[SourceVersion "1"]
[SourceVersionDate "2021.10.06"]
[SourceQuality "1"]

1. e4 d5 2. exd5 Nf6 3. Bc4 Nxd5 4. Qf3 c6 5. Nc3 e6 6. d3 Bb4 7. Bxd5 Bxc3+ 8. bxc3 exd5 9. Bb2 0-0 10. Ne2 Qg5 11. 0-0 Re8 12. Rfe1 Bg4 13. Qf4 Qg6 14. Ng3 Na6 15. a3 Re6 16. h3 Rae8 17. Kf1 Rxe1+ 18. Rxe1 Rxe1+ 19. Kxe1 Bd7 20. c4 Qe6+ 21. Kf1 dxc4 22. Ne4 cxd3 23. Qg5 f6 24. Bxf6 Qf7 25. cxd3 Kf8 26. Bd4 b6 27. f3 Nc7 28. Qd8+ Be8 29. Nd6 Qd7 30. Qxd7 Bxd7 31. Ke2 Nd5 32. Nc4 g6 33. Ne3 Be6 34. Nxd5 Bxd5 35. Ke3 Kf7 36. Bc3 Ke6 37. Kf4 a6 38. Kg5 Kf7 39. Kf4 Ke6 1/2-1/2